Random State Border Crossings - Statistics

General Stats
  • This quiz has been taken 92 times
  • The average score is 10 of 12
Answer Stats
Start in Go Where you are now % Correct
Georgia West Alabama
100%
Tennessee South Alabama
100%
New Mexico West Arizona
100%
California Southeast Arizona
100%
Nevada Southeast Arizona
100%
Louisiana North Arkansas
100%
Tennessee West Arkansas
100%
Missouri South Arkansas
100%
Nevada Southwest California
100%
Oregon Southwest California
100%
Nebraska Southwest Colorado
100%
Arizona Northeast Colorado
100%
New Mexico North Colorado
100%
Oklahoma Northwest Colorado
100%
Utah East Colorado
100%
Massachusetts Southwest Connecticut
100%
New York Southeast Connecticut
100%
Rhode Island West Connecticut
100%
Maryland East Delaware
100%
New Jersey Southwest Delaware
100%
Pennsylvania Southeast Delaware
100%
Alabama South Florida
100%
Alabama East Georgia
100%
Florida North Georgia
100%
Tennessee Southeast Georgia
100%
Montana Southwest Idaho
100%
Oregon East Idaho
100%
Utah Northwest Idaho
100%
Washington East Idaho
100%
Wyoming West Idaho
100%
Indiana West Illinois
100%
Missouri East Illinois
100%
Illinois East Indiana
100%
Michigan Southwest Indiana
100%
Ohio West Indiana
100%
South Dakota Southeast Iowa
100%
Nebraska South Kansas
100%
Oklahoma North Kansas
100%
Colorado East Kansas
100%
Tennessee North Kentucky
100%
West Virginia Southwest Kentucky
100%
Illinois South Kentucky
100%
Indiana South Kentucky
100%
Missouri East-Southeast Kentucky
100%
Arkansas South Louisiana
100%
Texas East Louisiana
100%
New Hampshire East Maine
100%
Delaware West Maryland
100%
Pennsylvania South Maryland
100%
West Virginia East Maryland
100%
Connecticut North Massachusetts
100%
New Hampshire South Massachusetts
100%
New York East Massachusetts
100%
Rhode Island North Massachusetts
100%
Ohio Northwest Michigan
100%
Wisconsin Northeast Michigan
100%
Iowa North Minnesota
100%
North Dakota East Minnesota
100%
South Dakota Northeast Minnesota
100%
Wisconsin Northwest Minnesota
100%
Alabama West Mississippi
100%
Louisiana East Mississippi
100%
Tennessee Southwest Mississippi
100%
Arkansas North Missouri
100%
Kentucky Southwest Missouri
100%
Illinois Southwest Missouri
100%
Iowa South Missouri
100%
Kansas East Missouri
100%
North Dakota West Montana
100%
Idaho Northeast Montana
100%
Kansas North Nebraska
100%
Missouri Northwest Nebraska
100%
South Dakota South Nebraska
100%
Wyoming Southeast Nebraska
100%
Arizona Northwest Nevada
100%
Oregon Southeast Nevada
100%
Utah West Nevada
100%
Massachusetts North New Hampshire
100%
Vermont East New Hampshire
100%
Delaware East New Jersey
100%
New York South New Jersey
100%
Oklahoma West New Mexico
100%
Texas Northwest New Mexico
100%
Colorado South New Mexico
100%
Utah Southeast New Mexico
100%
Connecticut West New York
100%
Massachusetts West New York
100%
Pennsylvania North New York
100%
Vermont West New York
100%
Georgia North North Carolina
100%
Virginia South North Carolina
100%
South Dakota North North Dakota
100%
Montana East North Dakota
100%
Kentucky Northeast Ohio
100%
Indiana East Ohio
100%
Michigan Southeast Ohio
100%
Arkansas West Oklahoma
100%
Kansas South Oklahoma
100%
Missouri Southwest Oklahoma
100%
Texas North Oklahoma
100%
California North Oregon
100%
Idaho Southwest Oregon
100%
Nevada Northwest Oregon
100%
Washington South Oregon
100%
West Virginia Northeast Pennsylvania
100%
Ohio Northeast Pennsylvania
100%
Connecticut East Rhode Island
100%
Massachusetts South Rhode Island
100%
Georgia Northeast South Carolina
100%
North Carolina South South Carolina
100%
Iowa Northwest South Dakota
100%
Nebraska North South Dakota
100%
Montana Southeast South Dakota
100%
Wyoming Northeast South Dakota
100%
Georgia Northwest Tennessee
100%
Kentucky South Tennessee
100%
Mississippi North Tennessee
100%
North Carolina West Tennessee
100%
Arkansas Southwest Texas
100%
Louisiana West Texas
100%
Oklahoma South Texas
100%
New Mexico Northwest Utah
100%
Colorado West Utah
100%
Idaho South-southeast Utah
100%
Massachusetts Northwest Vermont
100%
New York Northeast Vermont
100%
Kentucky Southeast Virginia
100%
North Carolina North Virginia
100%
Tennessee Northeast Virginia
100%
West Virginia Southeast Virginia
100%
Oregon North Washington
100%
Maryland West West Virginia
100%
Pennsylvania Southwest West Virginia
100%
Kentucky East West Virginia
100%
Virginia Northwest West Virginia
100%
Ohio Southeast West Virginia
100%
Iowa Northeast Wisconsin
100%
Minnesota East Wisconsin
100%
Nebraska West Wyoming
100%
South Dakota Southwest Wyoming
100%
Idaho Southeast Wyoming
100%
Utah Northeast Wyoming
100%
Wisconsin South Illinois
75%
South Dakota Northwest Montana
75%
Colorado Southeast Oklahoma
75%
Florida Northwest Alabama
67%
Kentucky North Indiana
67%
Virginia West Kentucky
67%
Tennessee East North Carolina
67%
Missouri Southeast Tennessee
67%
Illinois North Wisconsin
67%
Texas Northeast Arkansas
50%
Georgia South Florida
50%
Kentucky West Illinois
50%
Iowa Southeast Illinois
50%
Illinois Northwest Iowa
50%
Missouri North Iowa
50%
Nebraska East Iowa
50%
Mississippi Southwest Louisiana
50%
Nebraska Southeast Missouri
50%
Oklahoma Northeast Missouri
50%
Colorado Northeast Nebraska
50%
New Jersey North New York
50%
Pennsylvania West Ohio
50%
Delaware North Pennsylvania
50%
North Dakota South South Dakota
50%
Idaho Northwest Washington
50%
West Virginia Northwest Ohio
33%
Nevada East Utah
33%
Mississippi East Alabama
0%
Colorado Southwest Arizona
0%
Utah South Arizona
0%
Mississippi Northwest Arkansas
0%
Oklahoma East Arkansas
0%
Arizona West California
0%
Kansas West Colorado
0%
Wyoming South Colorado
0%
North Carolina Southwest Georgia
0%
South Carolina Southwest Georgia
0%
Nevada Northeast Idaho
0%
Minnesota South Iowa
0%
Wisconsin Southwest Iowa
0%
Missouri West Kansas
0%
Ohio Southwest Kentucky
0%
Virginia Northeast Maryland
0%
Vermont South Massachusetts
0%
Indiana North Michigan
0%
Arkansas East Mississippi
0%
Tennessee Northwest Missouri
0%
Wyoming North Montana
0%
Iowa West Nebraska
0%
California Northeast Nevada
0%
Idaho South-southwest Nevada
0%
Maine West New Hampshire
0%
Pennsylvania East New Jersey
0%
Arizona East New Mexico
0%
South Carolina North North Carolina
0%
Minnesota Northeast North Dakota
0%
New Mexico Northeast Oklahoma
0%
Maryland North Pennsylvania
0%
New Jersey West Pennsylvania
0%
New York Southwest Pennsylvania
0%
Minnesota Southeast South Dakota
0%
Alabama North Tennessee
0%
Arkansas Northeast Tennessee
0%
Virginia Southwest Tennessee
0%
New Mexico Southeast Texas
0%
Arizona North Utah
0%
Wyoming Southwest Utah
0%
New Hampshire West Vermont
0%
Maryland South Virginia
0%
Michigan West Wisconsin
0%
Colorado Northwest Wyoming
0%
Montana South Wyoming
0%
No matching quizzes found
Score Distribution
Percent of People with Each Score
Percentile by Number Answered
Your Score History
You have not taken this quiz